Villes des Hauts-de-France sur une Carte - Statistiques

Statistiques générales
  • Ce quiz a été pris 1 146 fois
  • Le résultat moyen est 17 sur 27
Réponses sur la Carte
Les réponses sont colorées sur une échelle allant du rouge au vert en fonction du pourcentage des utilisateurs qui les ont devinées à leur premier essai. Vous pouvez retrouver ces pourcentages ci-dessous.
 
Statistiques - réponses
Villes % Correct
Lille
99%
Dunkerque
94%
Calais
92%
Amiens
91%
Arras
86%
Roubaix
83%
Lens
81%
Tourcoing
76%
Valenciennes
74%
Beauvais
73%
Boulogne-sur-Mer
73%
Laon
67%
Saint-Quentin
63%
Compiègne
60%
Douai
57%
Abbeville
52%
Le Touquet Paris-Plage
51%
Soissons
50%
Cambrai
49%
Béthune
48%
Saint-Omer
44%
Creil
43%
Maubeuge
43%
Château-Thierry
32%
Armentières
31%
Chantilly
29%
Albert
23%
Aucun quiz correspondant
Distribution des résultats
% des personnes avec chaque résultat
Percentile par nombre de réponses
Votre historique - résultats
Vous n’avez pas pris ce quiz